000 00675nam a2200241Ia 4500
003 OSt
005 20220928115107.0
006 a|||||r|||| 00| 0
007 ta
008 220927b |||||||| |||| 00| 0 eng d
024 _a33483
037 _cTextual
040 _aSDCL
_cSDCL
_beng
041 _2eng
_aeng
082 _aS:25, L6
100 _aMonty Richard A Ed.
_9443021
245 0 _aEye movements and psychological processes.
260 _aNew York
_b John Wiley
_c1976
300 _ax,550p.
_ccm.
700 _a Senders John W Ed.
_9443022
942 _hS:25, L6
_cTEXL
_2CC
999 _c758186
_d758186